Alphabetical Chain - Countries of Oceania - Statistics

General Stats
  • This quiz has been taken 28 times
  • The average score is 9 of 13
Answer Stats
Answer % Correct
Samoa
100%
Australia
91%
Federated States of Micronesia
65%
Fiji
65%
Kiribati
65%
Nauru
65%
New Zealand
61%
Palau
61%
Solomon Islands
61%
Tonga
61%
Tuvalu
61%
Vanuatu
61%
Papua New Guinea
52%
No matching quizzes found
Score Distribution
Percent of People with Each Score
Percentile by Number Answered
Your Score History
You have not taken this quiz